ბათუმის შოთა რუსთაველის სახელმწიფო უნივერსიტეტის ბიბლიოთეკა

საერთაშორისო ვაჭრობის თანამედროვე გამოწვევები: საქართველოს კონტექსტი : (ბიბ.ჩანაწერი № 62698)

000 -ლიდერი
ფიქსირებული სიგრძის საკონტროლო ველი 02057nam a22002777a 4500
003 - საკონტროლო ნომრის იდენტიფიკატორი
საკონტროლო ველი Ge_BSU
005 - ბოლო ოპერაციის თარიღი და დრო
საკონტროლო ველი 20250124113935.0
008 - ფიქსირებული სიგრძის მონაცემთა ელემენტები - ზოგადი ინფორმაცია
ფიქსირებული სიგრძის საკონტროლო ველი 250124s2024 ge ||||| |||| 00| 0 geo d
020 ## - წიგნის საერთაშორისო სტანდარტული ნომერი
International Standard Book Number 9789941869679
041 ## - ენის კოდი
Language code of text/sound track or separate title geo
080 ## - უნივერსალური ათობითი კლასიფიკაციის ინდექსი
Universal Decimal Classification number 339.5(479.22) ჩ-72
100 ## - მთავარი ჩანაწერი - პიროვნების სახელი
Personal name ჩიხლაძე, ნიკო
9 (RLIN) 24110
245 ## - ცნობა სათაურის შესახებ
Title საერთაშორისო ვაჭრობის თანამედროვე გამოწვევები: საქართველოს კონტექსტი :
Remainder of title [მონოგრაფია] /
Statement of responsibility, etc ნიკო ჩიხლაძე, გოჩა უგულავა; რედაქტორი გოჩა თუთბერიძე; ყდის დიზაინი: მარიამ კუხიანიძე და დაჩი კობახიძე; ქუთაისის უნივერსიტეტი, ეკონომიკის კვლევითი ინსტიტუტი.
264 ## - წარმოების, გამოცემის, დისტრიბუციის და სხვა ცნობები
გამოცემის, წარმოების, დისტრიბუციის... ადგილი ქუთისი,
გამოცემის, წარმოების, დისტრიბუციის... სახელწოდება ქუთაისის უნივერსიტეტი,
გამოცემის, წარმოების, დისტრიბუციის... თარიღი 2024.
300 ## - ფიზიკური აღწერა
Extent 124 გვ. :
Other physical details ნახ., ცხრ. ;
Dimensions 24,5 სმ.
504 ## - BIBLIOGRAPHY, ETC. NOTE
Bibliography, etc ბიბლიოგრაფია თავების ბოლოს.
520 ## - SUMMARY, ETC.
Summary, etc რეზიუმე ინგლისურ ენაზე.
653 ## - INDEX TERM--UNCONTROLLED
Uncontrolled term საერთაშორისო ვაჭრობა
653 ## - INDEX TERM--UNCONTROLLED
Uncontrolled term საერთაშორისო ვაჭრობა
700 ## - ADDED ENTRY--PERSONAL NAME
Personal name უგულავა, გოჩა
Relator term ავტორი
9 (RLIN) 19441
700 ## - ADDED ENTRY--PERSONAL NAME
Personal name თუთბერიძე, გოჩა
Relator term რედაქტორი
9 (RLIN) 1688
700 ## - ADDED ENTRY--PERSONAL NAME
Personal name კუხიანიძე, მარიამ
Relator term ყდის დიზაინერი
9 (RLIN) 24111
700 ## - ADDED ENTRY--PERSONAL NAME
Personal name კობახიძე, დაჩი
Relator term ყდის დიზაინერი
9 (RLIN) 24112
710 ## - ADDED ENTRY--CORPORATE NAME
Corporate name or jurisdiction name as entry element ქუთაისის უნივერსიტეტი
Subordinate unit ეკონომიკის კვლევითი ინსტიტუტი
9 (RLIN) 24113
942 ## - ADDED ENTRY ELEMENTS (KOHA)
Source of classification or shelving scheme
Koha item type წიგნი
ეგზემპლარები
ჩამოწერის სტატუსი დაკარგული ეგზემპლარის სტატუსი კლასიფიკაციის წყარო ან თაროზე გაწყობის სქემა დაზიანების სტატუსი არ გაიცემა მუდმივი მდებარეობა (დაცვის ადგილი) ამჟამინდელი ადგილსამყოფელი თაროზე განთავსების ადგილი შეძენის თარიღი ღირებულება, შესყიდვის ნორმალური ფასი სრული შენახვის შიფრი შტრიხკოდი ბოლო ოპერაციის თარიღი ეგზემპლარის მიმდევრობითი ნომერი (კეტერი?) ფასის ძალაში შესვლის თარიღი ეგზემპლარის სახეობა საჯარო შენიშვნა
          ბათუმის შოთა რუსთაველის სახელმწიფო უნივერსიტეტის მთავარი ბიბლიოთეკა ბათუმის შოთა რუსთაველის სახელმწიფო უნივერსიტეტის მთავარი ბიბლიოთეკა წიგნსაცავი 2025-01-24 8.00 339.5(479.22) ჩ-72 70393 2025-01-24 70393 2025-01-24 წიგნი 8 ლ.
          ბათუმის შოთა რუსთაველის სახელმწიფო უნივერსიტეტის მთავარი ბიბლიოთეკა ბათუმის შოთა რუსთაველის სახელმწიფო უნივერსიტეტის მთავარი ბიბლიოთეკა წიგნსაცავი 2025-01-24 8.00 339.5(479.22) ჩ-72 70393~4 2025-01-24 70394 2025-01-24 წიგნი 8 ლ.